[Event "Oberliga Ost-B 0102"]
[Site "Germany"]
[Date "2002.02.02"]
[Round "6.5"]
[White "Schmidt, Jan Peter"]
[Black "Rechel, Bernd"]
[Result "1/2-1/2"]
[WhiteElo "2296"]
[BlackElo "2409"]
[PlyCount "81"]
[EventDate "2001.10.07"]
[EventType "team"]
[EventRounds "11"]
[EventCountry "GER"]
[SourceTitle "EXT 2003"]
[Source "ChessBase"]
[SourceDate "2002.11.25"]
[SourceVersion "1"]
[SourceVersionDate "2002.11.25"]
[SourceQuality "1"]
[WhiteTeam "Schoeneck"]
[BlackTeam "Hofheim"]
[WhiteTeamCountry "GER"]
[BlackTeamCountry "GER"]

1. d4 f5 2. g3 Nf6 3. Bg2 g6 4. Nf3 Bg7 5. 0-0 0-0 6. b3 d6 7. Bb2 Qe8 8. c4 h6 9. Qc2 g5 10. Nbd2 Qh5 11. e3 Nc6 12. d5 Nb4 13. Qb1 c5 14. a3 Na6 15. Re1 Rb8 16. e4 fxe4 17. Nxe4 Bf5 18. Nxf6+ Rxf6 19. Qc1 Rf7 20. Bxg7 Kxg7 21. Qc3+ Kg8 22. Re3 Rbf8 23. Nd2 Bd7 24. Rae1 Rxf2 25. Rxe7 R2f7 26. Rxf7 Qxf7 27. Rf1 Qg6 28. Rxf8+ Kxf8 29. Ne4 Bf5 30. Qh8+ Ke7 31. Nf2 Bd7 32. Be4 Qf6 33. Qa8 Nc7 34. Qxb7 Ne8 35. Kg2 Qe5 36. b4 Nf6 37. Bf3 g4 38. Nxg4 Nxg4 39. Bxg4 Qe4+ 40. Bf3 Qc2+ 41. Kg1 1/2-1/2

[Event "Oberliga Ost-B 0102"]
[Site "Germany"]
[Date "2002.01.20"]
[Round "5.4"]
[White "Schlamp, Robert"]
[Black "Rechel, Bernd"]
[Result "0-1"]
[WhiteElo "2318"]
[BlackElo "2409"]
[PlyCount "68"]
[EventDate "2001.10.07"]
[EventType "team"]
[EventRounds "11"]
[EventCountry "GER"]
[SourceTitle "EXT 2003"]
[Source "ChessBase"]
[SourceDate "2002.11.25"]
[SourceVersion "1"]
[SourceVersionDate "2002.11.25"]
[SourceQuality "1"]
[WhiteTeam "Oberursel"]
[BlackTeam "Hofheim"]
[WhiteTeamCountry "GER"]
[BlackTeamCountry "GER"]

1. e4 c5 2. c3 Nf6 3. e5 Nd5 4. d4 cxd4 5. Bc4 Qc7 6. Bxd5 Qxe5+ 7. Ne2 Qxd5 8. 0-0 d3 9. Nf4 Qf5 10. c4 e6 11. Nc3 Bd6 12. g4 Qa5 13. Qxd3 Be5 14. Bd2 Nc6 15. Rae1 0-0 16. Nh5 Qb6 17. Kh1 d5 18. cxd5 exd5 19. Nxd5 Qd8 20. Rxe5 Nxe5 21. Qe4 f6 22. f3 Re8 23. Bb4 Be6 24. Ne3 Nc6 25. Bc3 Bf7 26. Qf4 Ne5 27. Nxg7 Kxg7 28. Nf5+ Kh8 29. Qh6 Rg8 30. f4 Qd5+ 31. Kg1 Rxg4+ 32. Ng3 Rg6 33. Qh4 Qc5+ 34. Kg2 Ng4 0-1

[Event "BL2-Ost 0001"]
[Site "Germany"]
[Date "2001.01.28"]
[Round "5.2"]
[White "Rechel, Bernd"]
[Black "Jakubiec, Artur"]
[Result "0-1"]
[WhiteElo "2402"]
[BlackElo "2488"]
[PlyCount "118"]
[EventDate "2000.10.15"]
[EventType "team-tourn"]
[EventRounds "9"]
[EventCountry "GER"]
[SourceTitle "CBM 082 Extra"]
[Source "ChessBase"]
[SourceDate "2001.07.03"]
[SourceVersion "1"]
[SourceVersionDate "2001.07.03"]
[SourceQuality "1"]
[WhiteTeam "Hofheim"]
[BlackTeam "Griesheim"]
[WhiteTeamCountry "GER"]
[BlackTeamCountry "GER"]

1. e4 c5 2. Nf3 Nc6 3. d4 cxd4 4. Nxd4 Nf6 5. Nc3 e5 6. Ndb5 d6 7. Bg5 a6 8. Na3 b5 9. Nd5 Be7 10. Bxf6 Bxf6 11. c3 Ne7 12. Nxf6+ gxf6 13. Bd3 Bb7 14. Qe2 f5 15. 0-0-0 Qb6 16. exf5 Nd5 17. Be4 Nf4 18. Qf3 d5 19. Bc2 0-0-0 20. Kb1 a5 21. Rhe1 f6 22. g3 Nh3 23. Qe3 Rd6 24. Bd3 Nxf2 25. Nxb5 Qxe3 26. Nxd6+ Kd7 27. Rxe3 Nxd1 28. Re1 Nxc3+ 29. bxc3 Kxd6 30. Kc2 Bc8 31. Rb1 e4 32. Be2 Bxf5 33. Rb6+ Ke5 34. Rb5 a4 35. c4 Be6 36. Kc3 Rc8 37. Ra5 a3 38. Bf1 f5 39. Be2 h6 40. Bf1 h5 41. Be2 h4 42. Bf1 hxg3 43. hxg3 Rg8 44. cxd5 Rxg3+ 45. Kb4 Bd7 46. Kc5 f4 47. Ra7 Rg7 48. Bb5 e3 49. Bxd7 e2 50. Ra8 Rxd7 51. Re8+ Kf5 52. Rxe2 f3 53. Re1 Kg4 54. d6 f2 55. Ra1 Rf7 56. Kc6 f1Q 57. Rxf1 Rxf1 58. d7 Rd1 59. Kc7 Kf4 0-1

[Event "BL2-Ost 0001"]
[Site "Germany"]
[Date "2001.01.07"]
[Round "4.2"]
[White "Haba, Petr"]
[Black "Rechel, Bernd"]
[Result "1/2-1/2"]
[WhiteElo "2497"]
[BlackElo "2402"]
[PlyCount "77"]
[EventDate "2000.10.15"]
[EventType "team-tourn"]
[EventRounds "9"]
[EventCountry "GER"]
[SourceTitle "CBM 082 Extra"]
[Source "ChessBase"]
[SourceDate "2001.07.03"]
[SourceVersion "1"]
[SourceVersionDate "2001.07.03"]
[SourceQuality "1"]
[WhiteTeam "Erfurt"]
[BlackTeam "Hofheim"]
[WhiteTeamCountry "GER"]
[BlackTeamCountry "GER"]

1. e4 c5 2. Nf3 d6 3. d4 cxd4 4. Nxd4 Nf6 5. Nc3 a6 6. Be2 e5 7. Nb3 Be7 8. 0-0 0-0 9. Be3 Be6 10. Qd2 Nc6 11. Rfd1 a5 12. a3 a4 13. Nc1 Qc8 14. Bb5 Na5 15. Nd3 Nc4 16. Bxc4 Qxc4 17. f3 h6 18. Nb4 Qc8 19. Qf2 Qd7 20. Bb6 Rac8 21. Rd3 Nh5 22. Nbd5 f5 23. Rad1 Bxd5 24. Rxd5 Qe6 25. exf5 Qxf5 26. Be3 Nf6 27. Rb5 d5 28. Nxd5 Nxd5 29. Rbxd5 Rxc2 30. Qg3 Bh4 31. Qxe5 Rxg2+ 32. Kxg2 Qxf3+ 33. Kg1 Rf6 34. Rd6 Bf2+ 35. Bxf2 Qxf2+ 36. Kh1 Qf3+ 37. Kg1 Qf2+ 38. Kh1 Qf3+ 39. Kg1 1/2-1/2

[Event "BL2-Ost 0001"]
[Site "Germany"]
[Date "2000.12.10"]
[Round "3.2"]
[White "Rechel, Bernd"]
[Black "Paehtz, Thomas Jr"]
[Result "1-0"]
[WhiteElo "2402"]
[BlackElo "2218"]
[PlyCount "73"]
[EventDate "2000.10.15"]
[EventType "team-tourn"]
[EventRounds "9"]
[EventCountry "GER"]
[SourceTitle "CBM 082 Extra"]
[Source "ChessBase"]
[SourceDate "2001.07.03"]
[SourceVersion "1"]
[SourceVersionDate "2001.07.03"]
[SourceQuality "1"]
[WhiteTeam "Hofheim"]
[BlackTeam "Erfurt Empor"]
[WhiteTeamCountry "GER"]
[BlackTeamCountry "GER"]

1. e4 e6 2. Qe2 e5 3. Nf3 Nc6 4. g3 Bc5 5. Bg2 Nf6 6. c3 d6 7. h3 0-0 8. 0-0 a5 9. d3 Re8 10. Kh2 h6 11. Nbd2 Be6 12. Nc4 a4 13. Ne3 d5 14. Nh4 a3 15. b4 Bf8 16. Nc2 b5 17. exd5 Bxd5 18. Nxa3 e4 19. d4 Qd7 20. Nxb5 g5 21. c4 gxh4 22. cxd5 Nxb4 23. d6 Nd3 24. Nxc7 Bxd6 25. Nxe8 Rxe8 26. Kh1 Qf5 27. Be3 Qg6 28. g4 Nd5 29. Qd2 Bc7 30. Bxh6 e3 31. fxe3 Qxh6 32. Bxd5 Rxe3 33. Rxf7 Rxh3+ 34. Kg1 Rg3+ 35. Kf1 Qxd2 36. Rf2+ Kg7 37. Rxd2 1-0

[Event "Olomouc Mipap Cup"]
[Site "Olomouc"]
[Date "2000.08.10"]
[Round "11"]
[White "Rechel, Bernd"]
[Black "Schneider, Dmitry"]
[Result "1/2-1/2"]
[WhiteElo "2402"]
[BlackElo "2382"]
[PlyCount "119"]
[EventDate "2000.08.02"]
[EventType "tourn"]
[EventRounds "11"]
[EventCountry "CZE"]
[EventCategory "4"]
[SourceTitle "CBM 077 Extra"]
[Source "ChessBase"]
[SourceDate "2000.09.14"]
[SourceVersion "1"]
[SourceVersionDate "2000.09.14"]
[SourceQuality "1"]

1. f4 d5 2. Nf3 c5 3. g3 Nc6 4. Bg2 Nf6 5. 0-0 Qc7 6. d3 e6 7. Nh4 d4 8. e4 dxe3 9. Bxe3 Be7 10. Nc3 Nd4 11. Nf3 Nf5 12. Bd2 Ng4 13. Qe2 c4 14. dxc4 h5 15. Kh1 Bd7 16. Ng5 Bc6 17. Bxc6+ Qxc6+ 18. Qe4 h4 19. Qxc6+ bxc6 20. gxh4 Rxh4 21. Nf3 Ng3+ 22. Kg2 Nxf1 23. Rxf1 Rh5 24. h3 Nh6 25. Ne5 0-0-0 26. Bc1 Kc7 27. Ne4 Bh4 28. Ng5 Bxg5 29. fxg5 Nf5 30. Nxf7 Rf8 31. Bf4+ Kb7 32. Ne5 Nd4 33. Nd3 Rf5 34. Re1 e5 35. Rxe5 Rxe5 36. Nxe5 Ne6 37. Kg3 Nxf4 38. Kxf4 Rxh3 39. Kf5 Re3 40. Nf7 Re2 41. Kg6 Rxc2 42. b4 c5 43. b5 Kb6 44. Ne5 Kc7 45. Kxg7 Kd6 46. Nf7+ Ke7 47. g6 Rxc4 48. Kh7 Rg4 49. Nh6 Rg1 50. g7 c4 51. g8Q Rxg8 52. Kxg8 Kd6 53. Nf5+ Kc5 54. Ne3 Kxb5 55. Nc2 c3 56. Kf7 Kc4 57. Ke6 Kd3 58. Na3 c2 59. Nxc2 Kxc2 60. Kd5 1/2-1/2

[Event "Olomouc Mipap Cup"]
[Site "Olomouc"]
[Date "2000.08.08"]
[Round "9"]
[White "Rechel, Bernd"]
[Black "Sluka, Radek"]
[Result "0-1"]
[WhiteElo "2402"]
[BlackElo "2302"]
[PlyCount "78"]
[EventDate "2000.08.02"]
[EventType "tourn"]
[EventRounds "11"]
[EventCountry "CZE"]
[EventCategory "4"]
[SourceTitle "CBM 077 Extra"]
[Source "ChessBase"]
[SourceDate "2000.09.14"]
[SourceVersion "1"]
[SourceVersionDate "2000.09.14"]
[SourceQuality "1"]

1. e4 d5 2. exd5 Nf6 3. c4 e6 4. d4 exd5 5. Nc3 Be7 6. Nf3 0-0 7. Bd3 dxc4 8. Bxc4 Bg4 9. 0-0 Bxf3 10. Qxf3 Qxd4 11. Qxb7 Qxc4 12. Qxa8 Bd6 13. Qf3 Bxh2+ 14. Kxh2 Qxf1 15. Rb1 h5 16. Bf4 Ng4+ 17. Kg3 Qa6 18. Qe2 Qg6 19. f3 Nf6+ 20. Kh2 Re8 21. Qc4 Nbd7 22. Rd1 Qf5 23. Qxc7 g5 24. Bc1 Ne5 25. Kg1 Kg7 26. Rf1 h4 27. Bxg5 Qxg5 28. f4 Qg3 29. fxe5 Qe3+ 30. Kh1 Rxe5 31. Qc6 Nh5 32. Kh2 Qg3+ 33. Kg1 Qe3+ 34. Kh2 Qg3+ 35. Kg1 Qg5 36. Qf3 Qg6 37. Rd1 Ng3 38. Qf4 Re4 39. Qd6 Re1+ 0-1

[Event "Olomouc Mipap Cup"]
[Site "Olomouc"]
[Date "2000.08.05"]
[Round "6"]
[White "Czerwonski, Aleksander"]
[Black "Rechel, Bernd"]
[Result "1/2-1/2"]
[WhiteElo "2375"]
[BlackElo "2402"]
[PlyCount "56"]
[EventDate "2000.08.02"]
[EventType "tourn"]
[EventRounds "11"]
[EventCountry "CZE"]
[EventCategory "4"]
[SourceTitle "CBM 077 Extra"]
[Source "ChessBase"]
[SourceDate "2000.09.14"]
[SourceVersion "1"]
[SourceVersionDate "2000.09.14"]
[SourceQuality "1"]

1. d4 f5 2. c4 Nf6 3. Nf3 g6 4. g3 Bg7 5. Bg2 0-0 6. 0-0 d6 7. Nc3 Qe8 8. d5 Na6 9. Rb1 Bd7 10. b4 c6 11. dxc6 bxc6 12. a4 Rc8 13. b5 cxb5 14. axb5 Nc5 15. Bb2 a6 16. Nd4 axb5 17. cxb5 Nfe4 18. Nxe4 Nxe4 19. Qb3+ Qf7 20. Qe3 e5 21. Nc6 Bxc6 22. bxc6 Rxc6 23. Bxe4 fxe4 24. Qxe4 d5 25. Qd3 Rfc8 26. Rbc1 Rxc1 27. Rxc1 Rxc1+ 28. Bxc1 Qe6 1/2-1/2

[Event "Olomouc Mipap Cup"]
[Site "Olomouc"]
[Date "2000.08.02"]
[Round "1"]
[White "Bazant, Petr Jr"]
[Black "Rechel, Bernd"]
[Result "1/2-1/2"]
[WhiteElo "2274"]
[BlackElo "2402"]
[PlyCount "73"]
[EventDate "2000.08.02"]
[EventType "tourn"]
[EventRounds "11"]
[EventCountry "CZE"]
[EventCategory "4"]
[SourceTitle "CBM 077 Extra"]
[Source "ChessBase"]
[SourceDate "2000.09.14"]
[SourceVersion "1"]
[SourceVersionDate "2000.09.14"]
[SourceQuality "1"]

1. e4 c5 2. c3 Nf6 3. e5 Nd5 4. d4 cxd4 5. Nf3 Nc6 6. cxd4 d6 7. Bc4 Nb6 8. Bb3 dxe5 9. Nxe5 Nxe5 10. dxe5 Qxd1+ 11. Kxd1 e6 12. Nc3 Bd7 13. Be3 Bc6 14. Rg1 Bb4 15. Rc1 0-0-0+ 16. Ke2 Kb8 17. g4 Nd7 18. f4 h5 19. g5 g6 20. a3 Be7 21. Bc2 Nb6 22. Bxb6 axb6 23. Rgd1 Bg2 24. Be4 Bxe4 25. Nxe4 Rc8 26. Rxc8+ Rxc8 27. Rd7 Rc7 28. Rxc7 Kxc7 29. Kd3 b5 30. Kd4 Kc6 31. h3 Bf8 32. b4 Be7 33. Kd3 Kd5 34. Nc3+ Kc6 35. Ne2 Kb6 36. Nd4 Bd8 37. Nb3 1/2-1/2